| 000 | 00988nam a2200301 i 4500 | ||
|---|---|---|---|
| 001 | bg | ||
| 100 | 1 | _aKALICKA, Renata | |
| 245 | 1 | 0 |
_aModelowanie procesów kinetycznych w systemach biomedycznych : _boptymalna identyfikacja modelu / _cRenata Kalicka ; Politechnika Gdańska. |
| 260 |
_aGdańsk : _bWydaw. PG, _c2000. |
||
| 300 |
_a164 s. : _bil. ; _c24 cm. |
||
| 490 | 1 |
_aMonografie / Politechnika Gdańska ; _v18 |
|
| 500 | _aStreszcz. ang. | ||
| 504 | _aBibliogr. | ||
| 650 | 9 |
_aAnaliza systemowa _xzagadnienia |
|
| 650 | 9 |
_aBiologia _xzagadnienia |
|
| 650 | 9 |
_aKinetyka chemiczna _xzagadnienia |
|
| 650 | 9 |
_aModele matematyczne _xstosowanie |
|
| 650 | 9 |
_aOptymalizacja _xstosowanie |
|
| 710 | 0 | _aPolitechnika Gdańska | |
| 830 | 0 |
_aMonografie (Politechnika Gdańska) ; _v18 |
|
| 020 | _a8388007521 | ||
| 040 | _cBPK | ||
| 041 | 0 |
_apl _ben |
|
| 080 | _a544.4:577.3:519.87:519.863 | ||
| 920 | _a83-88007-52-1 | ||
| 942 | _cKS | ||
| 008 | s pl f |000 0 pol | ||
| 999 |
_c39534 _d39534 |
||
| 856 |
_uhttp://koha.tu.koszalin.pl/cgi-bin/koha/opac-detail.pl?biblionumber=39534 _yKatalog online BPK |
||